The concise practical measurer (Record no. 113454)

MARC details
000 -LEADER
fixed length control field 00826cam a22001815a 4500
001 - CONTROL NUMBER
control field L155285
008 - FIXED-LENGTH DATA ELEMENTS--GENERAL INFORMATION
fixed length control field 120314s1740 xxk f 000 0 eng d
035 ## - SYSTEM CONTROL NUMBER
System control number (Sirsi) u155285
041 0# - LANGUAGE CODE
Language code of text/sound track or separate title eng
100 1# - MAIN ENTRY--PERSONAL NAME
Personal name Miles, Tho.
Fuller form of name (Thomas)
245 04 - TITLE STATEMENT
Title The concise practical measurer
Remainder of title or, a plain guide to gentlemen and builders. Describing the certain true methods of measuring and computing the value of the several performances of bricklayers, carpenters, ... By Tho. Miles, ...
260 ## - PUBLICATION, DISTRIBUTION, ETC.
Place of publication, distribution, etc. London
Name of publisher, distributor, etc. printed for C. Ward and R. Chandler, at the Ship without Temple Bar; and at their shops in Coney-Street, York, and at Scarborough Spaw
Date of publication, distribution, etc. 1740
300 ## - PHYSICAL DESCRIPTION
Extent [2], ii, 96 p., table
Dimensions 12o
583 ## - ACTION NOTE
Action Condition reviewed
Time/date of action 20120620
Status condition level 1
651 #4 - SUBJECT ADDED ENTRY--GEOGRAPHIC NAME
Geographic name Great Britain
Chronological subdivision 1707-
690 ## - LOCAL SUBJECT ADDED ENTRY--TOPICAL TERM (OCLC, RLIN)
Topical term or geographic name as entry element Measurement
9 (RLIN) 6256
942 ## - ADDED ENTRY ELEMENTS (KOHA)
Suppress in OPAC 0
Holdings
Withdrawn status Lost status Source of classification or shelving scheme Damaged status Not for loan Home library Current library Shelving location Date acquired Total Checkouts Full call number Barcode Date last seen Copy number Price effective from Koha item type
    Dewey Decimal Classification     Historic collection Historic collection Historic collection 14/03/2012   OCTAVO 1740 MILES 30075849 06/08/2019 1 06/08/2019 Book